Every World Capital On A Sea - Statistics

General Stats
  • This quiz has been taken 29 times
    4 since last reset
  • The average score is 32 of 45
Answer Stats
Country Capital Sea % Correct
United Arab Emirates Abu Dhabi Persian Gulf
100%
Algeria Algiers Mediterranean Sea
100%
Netherlands Amsterdam North Sea
100%
Greece Athens Aegean Sea
100%
Thailand Bangkok Gulf of Thailand
100%
Lebanon Beirut Mediterranean Sea
100%
Ghana Accra Gulf of Guinea
75%
Brunei Bandar Seri Begawan South China Sea
75%
Denmark Copenhagen Baltic Sea
75%
Djibouti Djibouti City Red Sea
75%
Qatar Doha Persian Gulf
75%
Ireland Dublin Irish Sea
75%
Cuba Havana Caribbean Sea
75%
Finland Helsinki Baltic Sea
75%
Indonesia Jakarta Java Sea
75%
Jamaica Kingston Caribbean Sea
75%
St. Vincent and the Grenadines Kingstown Caribbean Sea
75%
Kuwait Kuwait City Persian Gulf
75%
Philippines Manila South China Sea
75%
Monaco Monaco Mediterranean Sea
75%
Oman Muscat Arabian Sea
75%
Norway Oslo North Sea
75%
Haiti Port-au-Prince Caribbean Sea
75%
Latvia Riga Baltic Sea
75%
Dominican Republic Santo Domingo Caribbean Sea
75%
São Tomé and Príncipe São Tomé Gulf of Guinea
75%
Singapore Singapore South China Sea | Java Sea
75%
Sweden Stockholm Baltic Sea
75%
Taiwan Taipei South China Sea
75%
Estonia Tallinn Baltic Sea
75%
Libya Tripoli Mediterranean Sea
75%
Tunisia Tunis Mediterranean Sea
75%
Malta Valletta Mediterranean Sea
75%
St. Kitts and Nevis Basseterre Caribbean Sea
50%
Barbados Bridgetown Caribbean Sea
50%
St. Lucia Castries Caribbean Sea
50%
Gabon Libreville Gulf of Guinea
50%
Togo Lomé Gulf of Guinea
50%
Bahrain Manama Persian Gulf
50%
Trinidad and Tobago Port of Spain Caribbean Sea
50%
Dominica Roseau Caribbean Sea
50%
Grenada St. George's Caribbean Sea
50%
Antigua and Barbuda St. John's Caribbean Sea
50%
Equatorial Guinea Malabo Gulf of Guinea
25%
Benin Porto-Novo Gulf of Guinea
25%
No matching quizzes found
Score Distribution
Percent of People with Each Score
Percentile by Number Answered
Your Score History
You have not taken this quiz since the last reset